[Event "Eliminacje_Strefowe_OP_SL_2024_C13"]
[Site "?"]
[Date "2024.09.13"]
[Round "7.1"]
[White "Pawleta, Mateusz"]
[Black "Staniczek, Kacper"]
[Result "1/2-1/2"]
[BlackElo "1897"]
[WhiteElo "1767"]
[LiveChessVersion "1.4.8"]

1. d4 {[%clk 1:30:48]} d5 {[%clk 1:30:43]} 2. c4 {[%clk 1:31:12]} e6
{[%clk 1:31:00]} 3. Nc3 {[%clk 1:31:35]} c5 {[%clk 1:31:28]} 4. cxd5
{[%clk 1:31:58]} exd5 {[%clk 1:31:55]} 5. Nf3 {[%clk 1:32:03]} Nc6
{[%clk 1:32:22]} 6. dxc5 {[%clk 1:31:57]} d4 {[%clk 1:32:44]} 7. Na4
{[%clk 1:32:17]} Bxc5 {[%clk 1:32:45]} 8. Nxc5 {[%clk 1:32:40]} Qa5+
{[%clk 1:33:13]} 9. Bd2 {[%clk 1:33:03]} Qxc5 {[%clk 1:33:27]} 10. Rc1
{[%clk 1:32:44]} Qb6 {[%clk 1:33:53]} 11. e3 {[%clk 1:32:52]} Nf6
{[%clk 1:32:56]} 12. Bc4 {[%clk 1:31:56]} O-O {[%clk 1:31:25]} 13. O-O
{[%clk 1:31:24]} Bg4 {[%clk 1:26:15]} 14. exd4 {[%clk 1:21:35]} Rad8
{[%clk 1:22:07]} 15. Bc3 {[%clk 1:00:57]} Bxf3 {[%clk 1:17:39]} 16. Qxf3
{[%clk 1:01:19]} Nxd4 {[%clk 1:17:40]} 17. Bxd4 {[%clk 0:45:10]} Rxd4
{[%clk 1:17:10]} 18. b3 {[%clk 0:39:08]} Rfd8 {[%clk 1:09:31]} 19. Rfe1
{[%clk 0:34:23]} Qb4 {[%clk 1:02:13]} 20. h3 {[%clk 0:32:43]} R4d7
{[%clk 0:57:22]} 21. Qc3 {[%clk 0:27:47]} Qxc3 {[%clk 0:56:01]} 22. Rxc3
{[%clk 0:28:11]} a6 {[%clk 0:55:11]} 23. a4 {[%clk 0:27:46]} Kf8 {[%clk 0:55:02]}
24. Rce3 {[%clk 0:27:53]} Rd1 {[%clk 0:54:18]} 25. Rxd1 {[%clk 0:27:11]} Rxd1+
{[%clk 0:54:42]} 26. Kh2 {[%clk 0:27:34]} Nd7 {[%clk 0:52:27]} 27. Kg3
{[%clk 0:21:57]} Nb6 {[%clk 0:51:12]} 28. Be2 {[%clk 0:20:19]} Rd7
{[%clk 0:38:09]} 29. Bf3 {[%clk 0:20:30]} Rc7 {[%clk 0:26:30]} 30. Kh2
{[%clk 0:16:50]} Nc8 {[%clk 0:24:02]} 1/2-1/2

[Event "Eliminacje_Strefowe_OP_SL_2024_C13"]
[Site "?"]
[Date "2024.09.13"]
[Round "7.2"]
[White "Smolinski, Wojciech"]
[Black "Czeremcha, Piotr"]
[Result "1/2-1/2"]
[BlackElo "1762"]
[WhiteElo "1887"]
[LiveChessVersion "1.4.8"]

1. e4 {[%clk 1:30:55]} c6 {[%clk 1:30:57]} 2. d4 {[%clk 1:31:17]} d5
{[%clk 1:31:17]} 3. e5 {[%clk 1:31:40]} Bf5 {[%clk 1:31:38]} 4. h4
{[%clk 1:32:02]} h5 {[%clk 1:32:04]} 5. Bg5 {[%clk 1:32:24]} Qb6 {[%clk 1:27:58]}
6. Bd3 {[%clk 1:30:44]} Bxd3 {[%clk 1:27:24]} 7. Qxd3 {[%clk 1:31:00]} e6
{[%clk 1:27:27]} 8. Nd2 {[%clk 1:31:16]} Ne7 {[%clk 1:04:44]} 9. Ngf3
{[%clk 1:29:42]} Qa6 {[%clk 1:03:29]} 10. c4 {[%clk 1:28:24]} Nd7
{[%clk 1:00:51]} 11. O-O {[%clk 1:23:56]} Nf5 {[%clk 0:53:26]} 12. Rfc1
{[%clk 1:19:58]} Bb4 {[%clk 0:47:21]} 13. b3 {[%clk 0:51:07]} O-O
{[%clk 0:42:37]} 14. a3 {[%clk 0:46:14]} Be7 {[%clk 0:39:45]} 15. Bxe7
{[%clk 0:41:22]} Nxe7 {[%clk 0:39:38]} 16. Qe3 {[%clk 0:36:53]} Nf5
{[%clk 0:36:47]} 17. Qg5 {[%clk 0:34:32]} g6 {[%clk 0:36:37]} 18. cxd5
{[%clk 0:21:34]} cxd5 {[%clk 0:36:48]} 19. g4 {[%clk 0:20:33]} hxg4
{[%clk 0:35:26]} 20. Qxg4 {[%clk 0:20:57]} Rfc8 {[%clk 0:28:17]} 21. h5
{[%clk 0:13:47]} Nf8 {[%clk 0:26:51]} 22. hxg6 {[%clk 0:10:30]} Nxg6
{[%clk 0:26:50]} 23. Ng5 {[%clk 0:06:33]} b5 {[%clk 0:25:45]} 24. Qh5
{[%clk 0:05:30]} Ng7 {[%clk 0:23:55]} 25. Qh7+ {[%clk 0:05:48]} Kf8
{[%clk 0:24:14]} 26. Ndf3 {[%clk 0:05:43]} Rxc1+ {[%clk 0:24:35]} 27. Rxc1
{[%clk 0:06:06]} Rc8 {[%clk 0:24:57]} 28. Rxc8+ {[%clk 0:04:49]} Qxc8
{[%clk 0:25:21]} 29. Qh6 {[%clk 0:04:15]} Qc1+ {[%clk 0:24:12]} 30. Kh2
{[%clk 0:04:31]} Qf4+ {[%clk 0:24:17]} 31. Kg2 {[%clk 0:03:01]} Qg4+
{[%clk 0:20:30]} 32. Kf1 {[%clk 0:01:55]} 1/2-1/2

[Event "Eliminacje_Strefowe_OP_SL_2024_C13"]
[Site "?"]
[Date "2024.09.13"]
[Round "7.3"]
[White "Plowy, Karol"]
[Black "Rajbharath, Harjith"]
[Result "0-1"]
[BlackElo "1813"]
[WhiteElo "1638"]
[LiveChessVersion "1.4.8"]

1. e4 {[%clk 1:30:57]} e6 {[%clk 1:30:51]} 2. d3 {[%clk 1:31:21]} d5
{[%clk 1:31:15]} 3. Nd2 {[%clk 1:31:40]} c5 {[%clk 1:31:40]} 4. Ngf3
{[%clk 1:31:56]} Nc6 {[%clk 1:32:01]} 5. g3 {[%clk 1:32:09]} Nf6 {[%clk 1:32:11]}
6. Bg2 {[%clk 1:32:16]} Be7 {[%clk 1:32:32]} 7. O-O {[%clk 1:32:02]} O-O
{[%clk 1:32:52]} 8. e5 {[%clk 1:31:09]} Nd7 {[%clk 1:32:54]} 9. Re1
{[%clk 1:31:06]} b5 {[%clk 1:33:08]} 10. Nf1 {[%clk 1:29:33]} Bb7
{[%clk 1:33:11]} 11. h4 {[%clk 1:27:59]} a5 {[%clk 1:31:58]} 12. N1h2
{[%clk 1:22:47]} b4 {[%clk 1:24:05]} 13. Bf4 {[%clk 1:11:56]} a4 14. a3
{[%clk 1:06:55]} Re8 {[%clk 1:08:57]} 15. Ng5 {[%clk 0:49:09]} h6
{[%clk 0:56:37]} 16. Ngf3 {[%clk 0:37:09]} Nf8 {[%clk 0:50:35]} 17. h5
{[%clk 0:32:39]} Nh7 {[%clk 0:48:11]} 18. Qd2 {[%clk 0:28:44]} f6
{[%clk 0:32:06]} 19. Bh3 {[%clk 0:20:01]} Bc8 {[%clk 0:31:59]} 20. Ng4
{[%clk 0:08:52]} Ng5 {[%clk 0:25:49]} 21. Bxg5 {[%clk 0:08:24]} fxg5
{[%clk 0:26:09]} 22. d4 {[%clk 0:06:06]} bxa3 {[%clk 0:25:13]} 23. bxa3
{[%clk 0:06:13]} Rf8 {[%clk 0:22:35]} 24. Ngh2 {[%clk 0:02:21]} Na5
{[%clk 0:20:07]} 25. Qd3 {[%clk 0:01:49]} Qe8 {[%clk 0:19:32]} 26. g4
{[%clk 0:00:55]} Rf4 {[%clk 0:19:01]} 27. Rad1 {[%clk 0:00:43]} Nc4
{[%clk 0:18:59]} 28. Qc3 {[%clk 0:00:51]} Qf8 {[%clk 0:18:27]} 29. Nd2
{[%clk 0:00:43]} cxd4 {[%clk 0:18:42]} 30. Qg3 {[%clk 0:00:39]} Nxa3
{[%clk 0:18:47]} 31. Ndf3 {[%clk 0:00:39]} Bb4 {[%clk 0:18:23]} 32. Re2
{[%clk 0:00:58]} Ba6 {[%clk 0:18:12]} 33. Nxd4 {[%clk 0:01:07]} Bxe2
{[%clk 0:18:12]} 34. Nxe2 {[%clk 0:01:35]} Re4 {[%clk 0:17:29]} 35. Nd4
{[%clk 0:01:34]} Rxd4 {[%clk 0:16:22]} 36. Rxd4 {[%clk 0:01:53]} Bc5
{[%clk 0:16:44]} 37. Rd2 {[%clk 0:01:47]} Nc4 {[%clk 0:17:06]} 38. Re2
{[%clk 0:01:59]} a3 {[%clk 0:17:12]} 39. Qc3 {[%clk 0:01:58]} a2 {[%clk 0:17:36]}
40. Qa1 {[%clk 0:02:05]} Bd4 0-1

[Event "Eliminacje_Strefowe_OP_SL_2024_C13"]
[Site "?"]
[Date "2024.09.13"]
[Round "7.4"]
[White "Musial, Bartosz"]
[Black "Seemann, Adam"]
[Result "0-1"]
[BlackElo "1731"]
[WhiteElo "1508"]
[LiveChessVersion "1.4.8"]

1. e4 {[%clk 1:30:59]} c5 {[%clk 1:30:53]} 2. Nf3 {[%clk 1:31:24]} Nc6
{[%clk 1:31:18]} 3. d4 {[%clk 1:31:50]} cxd4 {[%clk 1:31:44]} 4. Nxd4
{[%clk 1:32:15]} g6 {[%clk 1:32:08]} 5. c4 {[%clk 1:32:39]} Nf6 {[%clk 1:32:31]}
6. Nc3 {[%clk 1:32:15]} d6 {[%clk 1:32:44]} 7. f3 {[%clk 1:32:34]} Bg7
{[%clk 1:29:13]} 8. Be3 {[%clk 1:32:53]} Nxd4 {[%clk 1:29:32]} 9. Bxd4
{[%clk 1:33:06]} O-O {[%clk 1:29:41]} 10. Be2 {[%clk 1:28:28]} Be6
{[%clk 1:27:36]} 11. Qd2 {[%clk 1:25:44]} Qa5 {[%clk 1:23:56]} 12. O-O
{[%clk 1:20:31]} Rfc8 {[%clk 1:17:02]} 13. b3 {[%clk 1:15:26]} b5
{[%clk 1:06:03]} 14. Rfd1 {[%clk 1:05:38]} bxc4 {[%clk 1:01:45]} 15. Nd5
{[%clk 1:00:28]} Qxd2 {[%clk 1:00:45]} 16. Rxd2 {[%clk 1:00:35]} Bxd5
{[%clk 0:58:40]} 17. exd5 {[%clk 0:59:45]} c3 {[%clk 0:57:11]} 18. Rc2
{[%clk 0:59:28]} Nxd5 {[%clk 0:56:04]} 19. Bxg7 {[%clk 0:58:48]} Kxg7
{[%clk 0:56:25]} 20. Kf2 {[%clk 0:48:27]} a5 {[%clk 0:47:32]} 21. a3
{[%clk 0:38:45]} Rab8 {[%clk 0:45:07]} 22. Rb1 {[%clk 0:37:22]} Nf4
{[%clk 0:32:27]} 23. g3 {[%clk 0:36:34]} Ne6 {[%clk 0:31:31]} 24. Ke3
{[%clk 0:29:24]} d5 {[%clk 0:28:12]} 25. Kd3 {[%clk 0:21:28]} Nc5+
{[%clk 0:26:58]} 26. Kd4 {[%clk 0:17:32]} Nxb3+ {[%clk 0:20:16]} 27. Kxd5
{[%clk 0:16:08]} Rd8+ {[%clk 0:19:50]} 28. Ke5 {[%clk 0:16:09]} f6+
{[%clk 0:19:57]} 29. Kf4 {[%clk 0:16:05]} Nd4 {[%clk 0:20:06]} 0-1

[Event "Eliminacje_Strefowe_OP_SL_2024_C13"]
[Site "?"]
[Date "2024.09.13"]
[Round "7.5"]
[White "Reterski, Wiktor"]
[Black "Biela, Jan"]
[Result "1/2-1/2"]
[BlackElo "1561"]
[WhiteElo "1621"]
[LiveChessVersion "1.4.8"]

1. e4 {[%clk 1:30:58]} c5 {[%clk 1:31:00]} 2. Nf3 {[%clk 1:31:11]} Nc6
{[%clk 1:31:23]} 3. d4 {[%clk 1:31:31]} cxd4 {[%clk 1:31:43]} 4. Nxd4
{[%clk 1:31:52]} g6 {[%clk 1:32:05]} 5. Nc3 {[%clk 1:32:17]} Bg7 {[%clk 1:32:28]}
6. Nb3 {[%clk 1:32:40]} Nf6 {[%clk 1:32:33]} 7. Be2 {[%clk 1:33:01]} O-O
{[%clk 1:32:38]} 8. O-O {[%clk 1:33:20]} d6 {[%clk 1:32:02]} 9. Re1
{[%clk 1:33:38]} Be6 {[%clk 1:32:01]} 10. Bf1 {[%clk 1:31:38]} d5
{[%clk 1:24:48]} 11. exd5 {[%clk 1:16:33]} Nxd5 {[%clk 1:25:05]} 12. Nxd5
{[%clk 1:15:47]} Qxd5 {[%clk 1:24:07]} 13. Qxd5 {[%clk 1:13:41]} Bxd5
{[%clk 1:24:36]} 14. c4 {[%clk 1:13:58]} Be6 {[%clk 1:23:52]} 15. Nc5
{[%clk 1:12:15]} Nd4 {[%clk 1:22:59]} 16. Nxe6 {[%clk 1:06:11]} Nxe6
{[%clk 1:23:09]} 17. Be3 {[%clk 1:05:24]} b6 {[%clk 1:22:38]} 18. Rab1
{[%clk 1:02:40]} Rfd8 {[%clk 1:20:58]} 19. b4 {[%clk 0:58:18]} Bd4
{[%clk 1:21:10]} 20. g3 {[%clk 0:54:58]} Bxe3 {[%clk 1:21:25]} 21. Rxe3
{[%clk 0:54:56]} Rd2 {[%clk 1:21:31]} 22. a3 {[%clk 0:54:12]} Rad8
{[%clk 1:20:01]} 23. Bg2 {[%clk 0:44:30]} R8d3 {[%clk 1:20:02]} 24. Rbe1
{[%clk 0:43:14]} Rxe3 {[%clk 1:13:21]} 25. Rxe3 {[%clk 0:43:25]} Rd1+
{[%clk 1:13:12]} 26. Bf1 {[%clk 0:43:43]} Kf8 {[%clk 1:12:17]} 27. Kg2
{[%clk 0:42:03]} Ke8 {[%clk 1:09:31]} 28. Rc3 {[%clk 0:41:58]} Kd7
{[%clk 1:08:55]} 29. c5 {[%clk 0:41:35]} bxc5 {[%clk 1:08:36]} 30. bxc5
{[%clk 0:41:23]} Kc6 {[%clk 1:08:08]} 31. Be2 {[%clk 0:41:34]} Rd4
{[%clk 1:04:31]} 32. Bf3+ {[%clk 0:41:22]} Kc7 {[%clk 1:05:00]} 33. Be2
{[%clk 0:27:56]} Rd5 {[%clk 1:04:34]} 34. Rf3 {[%clk 0:21:13]} f6
{[%clk 1:00:48]} 35. Re3 {[%clk 0:17:51]} Re5 {[%clk 1:01:07]} 36. Rxe5
{[%clk 0:17:47]} fxe5 {[%clk 1:01:35]} 37. Bc4 {[%clk 0:18:06]} Nxc5
{[%clk 1:01:55]} 38. Bg8 {[%clk 0:18:25]} h6 {[%clk 1:02:02]} 39. Bf7
{[%clk 0:18:47]} g5 {[%clk 1:02:15]} 40. Kf3 {[%clk 0:18:59]} e4+
{[%clk 0:52:50]} 41. Ke3 {[%clk 0:17:36]} Kd6 {[%clk 0:52:36]} 42. Kd4
{[%clk 0:09:43]} Nd3 {[%clk 0:44:10]} 43. f4 {[%clk 0:03:03]} gxf4
{[%clk 0:43:06]} 44. Kxe4 {[%clk 0:01:50]} Ne5 {[%clk 0:39:05]} 45. Bh5
{[%clk 0:01:43]} fxg3 {[%clk 0:39:07]} 46. hxg3 {[%clk 0:02:10]} Nd7
{[%clk 0:36:07]} 47. Kf5 {[%clk 0:01:09]} Ne5 {[%clk 0:32:11]} 48. Be2
{[%clk 0:01:08]} a5 {[%clk 0:27:00]} 49. a4 {[%clk 0:01:06]} Kd5 {[%clk 0:18:37]}
50. g4 {[%clk 0:00:53]} Kd4 {[%clk 0:17:47]} 51. Ke6 {[%clk 0:00:35]} Ke4
{[%clk 0:17:49]} 52. Kxe7 {[%clk 0:00:31]} Kf4 {[%clk 0:14:32]} 53. g5
{[%clk 0:00:56]} hxg5 {[%clk 0:14:43]} 54. Kd6 {[%clk 0:00:53]} Ke4
{[%clk 0:14:17]} 55. Kc5 {[%clk 0:01:12]} Nd3+ {[%clk 0:13:01]} 56. Kb5
{[%clk 0:01:00]} Nb2 {[%clk 0:13:02]} 57. Kxa5 {[%clk 0:01:17]} Nxa4
{[%clk 0:13:25]} 58. Kxa4 {[%clk 0:01:39]} g4 {[%clk 0:13:34]} 59. Bxg4 1/2-1/2

[Event "Eliminacje_Strefowe_OP_SL_2024_C13"]
[Site "?"]
[Date "2024.09.13"]
[Round "7.6"]
[White "Zaglowek, Blazej"]
[Black "Dudek, Bartlomiej"]
[Result "0-1"]
[BlackElo "1558"]
[WhiteElo "1499"]
[LiveChessVersion "1.4.8"]

1. e4 {[%clk 1:30:57]} e5 {[%clk 1:30:55]} 2. Nf3 {[%clk 1:31:20]} Nc6
{[%clk 1:31:20]} 3. Nc3 {[%clk 1:31:44]} Nf6 {[%clk 1:31:32]} 4. Bb5
{[%clk 1:31:59]} Nd4 {[%clk 1:31:39]} 5. O-O {[%clk 1:32:02]} Bc5
{[%clk 1:30:10]} 6. Nxd4 {[%clk 1:15:13]} Bxd4 {[%clk 1:28:55]} 7. d3
{[%clk 1:12:36]} c6 {[%clk 1:26:29]} 8. Bc4 {[%clk 1:07:17]} d6 {[%clk 1:24:32]}
9. a4 {[%clk 1:02:21]} Bg4 {[%clk 1:16:46]} 10. Qe1 {[%clk 1:01:07]} Qd7
{[%clk 1:15:14]} 11. Be3 {[%clk 0:57:33]} O-O-O {[%clk 1:07:22]} 12. Bxd4
{[%clk 0:53:43]} exd4 {[%clk 1:07:17]} 13. Ne2 {[%clk 0:51:41]} Bxe2
{[%clk 1:04:16]} 14. Qxe2 {[%clk 0:51:56]} h5 {[%clk 1:04:07]} 15. b4
{[%clk 0:39:50]} Rde8 {[%clk 0:59:53]} 16. Qd2 {[%clk 0:37:02]} Ng4
{[%clk 0:55:28]} 17. b5 {[%clk 0:32:45]} c5 {[%clk 0:54:41]} 18. c3
{[%clk 0:26:21]} dxc3 {[%clk 0:49:38]} 19. Qxc3 {[%clk 0:25:51]} Ne5
{[%clk 0:49:30]} 20. Bd5 Nf3+ {[%clk 0:26:19]} 21. gxf3 {[%clk 0:10:33]} Rh6
{[%clk 0:24:48]} 22. Kh1 {[%clk 0:06:41]} Qh3 {[%clk 0:23:38]} 23. d4
{[%clk 0:06:23]} Rf6 {[%clk 0:20:29]} 24. Ra3 {[%clk 0:05:31]} Qxf1#
{[%clk 0:20:54]} 0-1

[Event "Eliminacje_Strefowe_OP_SL_2024_C13"]
[Site "?"]
[Date "2024.09.13"]
[Round "7.8"]
[White "Rozycki, Tymoteusz"]
[Black "Kaluza, Jakub"]
[Result "1/2-1/2"]
[BlackElo "1655"]
[WhiteElo "1457"]
[LiveChessVersion "1.4.8"]

1. d4 {[%clk 1:30:59]} d5 {[%clk 1:30:53]} 2. Nf3 {[%clk 1:31:22]} e6
{[%clk 1:31:11]} 3. e3 {[%clk 1:31:46]} Nf6 {[%clk 1:30:43]} 4. Bd3
{[%clk 1:32:02]} c5 {[%clk 1:29:06]} 5. b3 {[%clk 1:31:22]} Nc6 {[%clk 1:28:56]}
6. a3 {[%clk 1:31:35]} b6 {[%clk 1:29:17]} 7. O-O {[%clk 1:31:35]} Bd6
{[%clk 1:29:27]} 8. Bb2 {[%clk 1:31:46]} O-O {[%clk 1:29:17]} 9. Nbd2
{[%clk 1:31:58]} Bb7 {[%clk 1:28:14]} 10. Ne5 {[%clk 1:29:38]} Rc8 11. f4
{[%clk 1:28:48]} Ne7 {[%clk 1:27:10]} 12. Qf3 {[%clk 1:20:45]} Ng6
{[%clk 1:24:34]} 13. Qh3 {[%clk 1:16:40]} Ne4 {[%clk 1:20:53]} 14. Nxe4
{[%clk 1:13:17]} dxe4 {[%clk 1:20:17]} 15. Nxg6 {[%clk 1:09:06]} hxg6
{[%clk 1:19:30]} 16. Bc4 {[%clk 1:05:33]} a6 {[%clk 1:16:21]} 17. a4
{[%clk 1:00:57]} Re8 {[%clk 1:11:09]} 18. Rf2 {[%clk 0:55:45]} Qd7
{[%clk 1:02:08]} 19. d5 {[%clk 0:49:49]} b5 {[%clk 0:53:35]} 20. axb5
{[%clk 0:49:37]} axb5 {[%clk 0:53:56]} 21. dxe6 {[%clk 0:49:21]} fxe6
{[%clk 0:54:05]} 22. Be2 {[%clk 0:49:21]} c4 {[%clk 0:53:49]} 23. bxc4
{[%clk 0:45:52]} bxc4 {[%clk 0:53:54]} 24. Rd1 {[%clk 0:44:39]} Bd5
{[%clk 0:52:52]} 25. Bd4 {[%clk 0:43:24]} Qa4 {[%clk 0:43:52]} 26. Bf1
{[%clk 0:41:45]} Rb8 {[%clk 0:42:52]} 27. Qg4 {[%clk 0:40:47]} Kf7
{[%clk 0:40:25]} 28. Ra1 {[%clk 0:34:25]} Qb5 {[%clk 0:38:04]} 29. g3
{[%clk 0:27:26]} Bc5 {[%clk 0:35:29]} 30. f5 {[%clk 0:20:14]} Bxd4
{[%clk 0:18:42]} 31. fxg6+ {[%clk 0:19:53]} Ke7 {[%clk 0:16:35]} 32. Rf7+
{[%clk 0:19:46]} Kd8 {[%clk 0:17:01]} 33. exd4 {[%clk 0:19:58]} 1/2-1/2

[Event "Eliminacje_Strefowe_OP_SL_2024_C13"]
[Site "?"]
[Date "2024.09.13"]
[Round "7.9"]
[White "Furas, Piotr"]
[Black "Karnowka, Kacper"]
[Result "1/2-1/2"]
[BlackElo "1507"]
[WhiteElo "1406"]
[LiveChessVersion "1.4.8"]

1. e4 {[%clk 1:30:56]} c6 {[%clk 1:31:00]} 2. d4 {[%clk 1:31:18]} d5
{[%clk 1:31:29]} 3. e5 {[%clk 1:31:38]} Bf5 {[%clk 1:31:57]} 4. Nf3
{[%clk 1:31:48]} e6 {[%clk 1:32:16]} 5. c3 {[%clk 1:32:05]} c5 {[%clk 1:32:11]}
6. Be2 {[%clk 1:31:57]} Nc6 {[%clk 1:32:29]} 7. O-O {[%clk 1:32:04]} h6
{[%clk 1:32:14]} 8. Re1 {[%clk 1:32:10]} cxd4 {[%clk 1:32:16]} 9. Nxd4
{[%clk 1:32:26]} Nxd4 {[%clk 1:32:41]} 10. cxd4 {[%clk 1:32:40]} Bb4
{[%clk 1:32:54]} 11. Bd2 {[%clk 1:32:33]} Bxd2 {[%clk 1:32:26]} 12. Nxd2
{[%clk 1:32:13]} Rc8 {[%clk 1:32:07]} 13. h3 {[%clk 1:31:08]} Bc2
{[%clk 1:32:07]} 14. Bb5+ {[%clk 1:30:51]} Ke7 {[%clk 1:32:14]} 15. Qe2
{[%clk 1:30:34]} a6 {[%clk 1:32:24]} 16. Bd3 {[%clk 1:30:51]} Bxd3
{[%clk 1:32:47]} 17. Qxd3 {[%clk 1:31:01]} h5 {[%clk 1:32:23]} 18. Rac1
{[%clk 1:31:10]} Nh6 {[%clk 1:32:30]} 19. Nf3 {[%clk 1:30:32]} Rxc1
{[%clk 1:32:23]} 20. Rxc1 {[%clk 1:30:29]} Qd7 {[%clk 1:32:32]} 21. a3
{[%clk 1:29:17]} Rc8 {[%clk 1:32:50]} 22. Rxc8 {[%clk 1:29:14]} Qxc8
{[%clk 1:32:59]} 23. Qc3 {[%clk 1:29:22]} Qxc3 {[%clk 1:33:12]} 24. bxc3
{[%clk 1:29:43]} b5 {[%clk 1:33:01]} 25. h4 {[%clk 1:29:58]} Ng4 {[%clk 1:33:22]}
26. g3 {[%clk 1:30:04]} g6 {[%clk 1:33:37]} 27. Kf1 {[%clk 1:30:07]} Kd7
{[%clk 1:33:49]} 28. Ke2 {[%clk 1:30:25]} a5 29. Nd2 {[%clk 1:29:26]} Nh6
{[%clk 1:33:51]} 30. f4 {[%clk 1:29:13]} a4 {[%clk 1:34:08]} 31. Kf3
{[%clk 1:29:06]} Ng4 {[%clk 1:34:24]} 1/2-1/2

[Event "Eliminacje_Strefowe_OP_SL_2024_C13"]
[Site "?"]
[Date "2024.09.13"]
[Round "7.10"]
[White "Klepacz, Jakub"]
[Black "Kowalik, Igor"]
[Result "1/2-1/2"]
[BlackElo "1501"]
[WhiteElo "1496"]
[LiveChessVersion "1.4.8"]

1. d4 {[%clk 1:30:58]} Nf6 {[%clk 1:30:54]} 2. Nf3 {[%clk 1:31:23]} b6
{[%clk 1:30:59]} 3. Bf4 {[%clk 1:31:44]} Bb7 {[%clk 1:31:12]} 4. e3
{[%clk 1:32:08]} e6 {[%clk 1:29:53]} 5. Nbd2 {[%clk 1:32:19]} Nc6
{[%clk 1:29:48]} 6. c3 {[%clk 1:32:31]} d5 {[%clk 1:28:54]} 7. Bd3
{[%clk 1:32:33]} Bd6 {[%clk 1:28:35]} 8. Bg3 {[%clk 1:30:44]} Bxg3
{[%clk 1:25:55]} 9. hxg3 {[%clk 1:31:06]} Qd6 {[%clk 1:24:24]} 10. Qc2
{[%clk 1:28:11]} O-O-O {[%clk 1:19:27]} 11. O-O-O {[%clk 1:18:18]} h6
{[%clk 1:17:29]} 12. e4 {[%clk 1:09:30]} dxe4 {[%clk 1:16:19]} 13. Nxe4
{[%clk 1:09:53]} Nxe4 {[%clk 1:16:35]} 14. Bxe4 {[%clk 1:10:17]} f5
{[%clk 1:15:49]} 15. Bxc6 {[%clk 1:06:13]} Bxc6 {[%clk 1:15:26]} 16. Rhe1
{[%clk 1:01:47]} Be4 {[%clk 1:14:13]} 17. Qd2 {[%clk 1:01:38]} Qd5
{[%clk 1:12:36]} 18. b3 {[%clk 0:56:56]} Bxf3 {[%clk 1:05:48]} 19. gxf3
{[%clk 0:57:10]} Qxf3 {[%clk 1:03:57]} 20. Rxe6 {[%clk 0:55:17]} Rhe8
{[%clk 1:03:21]} 21. Rde1 {[%clk 0:54:13]} Kd7 {[%clk 0:57:31]} 22. Qe3
{[%clk 0:47:20]} Qxe3+ {[%clk 0:56:53]} 23. R6xe3 {[%clk 0:45:32]} Rxe3
{[%clk 0:56:28]} 24. Rxe3 {[%clk 0:45:53]} Re8 {[%clk 0:56:47]} 25. Rxe8
{[%clk 0:40:42]} Kxe8 {[%clk 0:56:48]} 26. Kd2 {[%clk 0:40:56]} g5
{[%clk 0:55:34]} 27. Ke3 {[%clk 0:40:44]} h5 {[%clk 0:54:47]} 28. c4
{[%clk 0:39:55]} Ke7 {[%clk 0:54:49]} 29. b4 {[%clk 0:39:57]} Kd6
{[%clk 0:54:07]} 30. a3 {[%clk 0:39:31]} c5 {[%clk 0:53:44]} 31. bxc5+
{[%clk 0:39:05]} bxc5 {[%clk 0:54:05]} 32. d5 {[%clk 0:39:06]} a6
{[%clk 0:45:39]} 33. Kf3 Ke5 {[%clk 0:45:50]} 34. Ke3 {[%clk 0:37:16]} 1/2-1/2

[Event "Eliminacje_Strefowe_OP_SL_2024_C13"]
[Site "?"]
[Date "2024.09.13"]
[Round "7.11"]
[White "Kieca, Szymon"]
[Black "Furas, Pawel"]
[Result "1-0"]
[BlackElo "1470"]
[WhiteElo "1436"]
[LiveChessVersion "1.4.8"]

1. e4 {[%clk 1:30:58]} c5 {[%clk 1:30:55]} 2. Nf3 {[%clk 1:31:19]} d6
{[%clk 1:31:18]} 3. d4 {[%clk 1:31:32]} cxd4 {[%clk 1:31:24]} 4. Nxd4
{[%clk 1:31:53]} Nf6 {[%clk 1:31:51]} 5. Nc3 {[%clk 1:32:04]} g6 {[%clk 1:32:17]}
6. f4 {[%clk 1:31:52]} Nc6 {[%clk 1:31:52]} 7. Bb5 {[%clk 1:30:14]} Bd7
{[%clk 1:28:30]} 8. O-O {[%clk 1:24:21]} Bg7 {[%clk 1:24:41]} 9. Re1
{[%clk 1:16:55]} Qb6 {[%clk 1:19:25]} 10. Bxc6 {[%clk 1:14:37]} Bxc6
{[%clk 1:17:08]} 11. Rb1 {[%clk 1:10:39]} Nxe4 {[%clk 1:05:25]} 12. Nxe4
{[%clk 1:09:34]} Bxd4+ {[%clk 1:03:17]} 13. Kh1 {[%clk 1:09:20]} O-O
{[%clk 0:59:59]} 14. Ng3 {[%clk 1:07:13]} Bf2 {[%clk 0:59:07]} 15. Re2
{[%clk 1:00:20]} e6 {[%clk 0:54:08]} 16. Ne4 {[%clk 0:56:06]} Bc5
{[%clk 0:52:35]} 17. b4 {[%clk 0:53:11]} Bxe4 {[%clk 0:49:18]} 18. Rxe4
{[%clk 0:49:58]} d5 {[%clk 0:49:27]} 19. Re2 {[%clk 0:49:18]} Bd4
{[%clk 0:46:50]} 20. Qd3 {[%clk 0:46:47]} Bg7 {[%clk 0:46:41]} 21. Be3
{[%clk 0:46:23]} d4 {[%clk 0:46:06]} 22. Bf2 {[%clk 0:46:05]} Rfd8
{[%clk 0:45:10]} 23. Re4 {[%clk 0:44:34]} f5 {[%clk 0:44:06]} 24. Re2
{[%clk 0:44:16]} Qd6 {[%clk 0:43:17]} 25. Rbe1 Qxb4 {[%clk 0:41:56]} 26. Rxe6
{[%clk 0:41:57]} Qa4 {[%clk 0:41:46]} 27. a3 {[%clk 0:39:12]} Rac8
{[%clk 0:40:04]} 28. R1e2 {[%clk 0:38:13]} Rc3 {[%clk 0:38:19]} 29. Qd2
{[%clk 0:37:10]} Rxa3 {[%clk 0:38:03]} 30. Re7 {[%clk 0:36:08]} b6
{[%clk 0:33:21]} 31. R2e6 {[%clk 0:33:03]} Ra2 {[%clk 0:31:52]} 32. Qe2
{[%clk 0:31:18]} Bf8 {[%clk 0:23:47]} 33. Rxg6+ {[%clk 0:28:56]} hxg6
{[%clk 0:22:07]} 34. Qe6+ {[%clk 0:29:03]} Kh8 {[%clk 0:22:15]} 35. Qf6+
{[%clk 0:29:07]} Kg8 {[%clk 0:22:40]} 36. Qf7+ {[%clk 0:29:15]} 1-0